<?xml version="1.0" encoding="UTF-8"?><?xml-stylesheet type="text/xsl" href="static/style.xsl"?><OAI-PMH xmlns="http://www.openarchives.org/OAI/2.0/" xmlns:xsi="http://www.w3.org/2001/XMLSchema-instance" xsi:schemaLocation="http://www.openarchives.org/OAI/2.0/ http://www.openarchives.org/OAI/2.0/OAI-PMH.xsd"><responseDate>2026-04-17T11:01:12Z</responseDate><request verb="GetRecord" identifier="oai:riubu.ubu.es:10259/7753" metadataPrefix="marc">https://riubu.ubu.es/oai/request</request><GetRecord><record><header><identifier>oai:riubu.ubu.es:10259/7753</identifier><datestamp>2023-07-13T00:05:17Z</datestamp><setSpec>com_10259_4219</setSpec><setSpec>com_10259_5086</setSpec><setSpec>com_10259_2604</setSpec><setSpec>com_10259_5841</setSpec><setSpec>col_10259_4220</setSpec><setSpec>col_10259_5842</setSpec></header><metadata><record xmlns="http://www.loc.gov/MARC21/slim" xmlns:doc="http://www.lyncode.com/xoai" xmlns:xsi="http://www.w3.org/2001/XMLSchema-instance" xmlns:dcterms="http://purl.org/dc/terms/" xsi:schemaLocation="http://www.loc.gov/MARC21/slim http://www.loc.gov/standards/marcxml/schema/MARC21slim.xsd">
<leader>00925njm 22002777a 4500</leader>
<datafield tag="042" ind1=" " ind2=" ">
<subfield code="a">dc</subfield>
</datafield>
<datafield tag="720" ind1=" " ind2=" ">
<subfield code="a">Sáiz Manzanares, María Consuelo</subfield>
<subfield code="e">author</subfield>
</datafield>
<datafield tag="720" ind1=" " ind2=" ">
<subfield code="a">Marticorena Sánchez, Raúl</subfield>
<subfield code="e">author</subfield>
</datafield>
<datafield tag="720" ind1=" " ind2=" ">
<subfield code="a">Martín Antón, Luis Jorge</subfield>
<subfield code="e">author</subfield>
</datafield>
<datafield tag="720" ind1=" " ind2=" ">
<subfield code="a">González Díez, Irene</subfield>
<subfield code="e">author</subfield>
</datafield>
<datafield tag="720" ind1=" " ind2=" ">
<subfield code="a">Almeida, Leandro</subfield>
<subfield code="e">author</subfield>
</datafield>
<datafield tag="260" ind1=" " ind2=" ">
<subfield code="c">2023-01</subfield>
</datafield>
<datafield tag="520" ind1=" " ind2=" ">
<subfield code="a">Chatbots are a promising resource for giving students feedback and helping them deploy metacognitive strategies in their learning processes. In this study we worked with a sample of 57 university students, 42 undergraduate and 15 Master's degree students in Health Sciences. A mixed research methodology was applied. The quantitative study analysed the influence of the variables educational level (undergraduate vs. master's degree) and level of prior knowledge on the frequency of chatbot use (low vs. average), learning outcomes, and satisfaction with the chatbot's usefulness. In addition, we examined whether the frequency of chatbot use depended on students' metacognitive strategies. The qualitative study analysed the students' suggestions for improvement to the chatbot and the type of questions it used. The results indicated that the level of degree being studied influenced the frequency of chatbot use and learning outcomes, with Master's students exhibiting higher levels of both, but levels of prior knowledge only influenced learning outcomes. Significant differences were also found in students' perceived satisfaction with the use of the chatbot, with Master's students scoring higher, but not with respect to the level of prior knowledge. No conclusive results were found regarding frequency of chatbot use and the levels of students' metacognitive strategies. Further studies are needed to guide this research based on the students' suggestions for improvement.</subfield>
</datafield>
<datafield tag="024" ind2=" " ind1="8">
<subfield code="a">2405-8440</subfield>
</datafield>
<datafield tag="024" ind2=" " ind1="8">
<subfield code="a">http://hdl.handle.net/10259/7753</subfield>
</datafield>
<datafield tag="024" ind2=" " ind1="8">
<subfield code="a">10.1016/j.heliyon.2023.e12843</subfield>
</datafield>
<datafield ind1=" " ind2=" " tag="653">
<subfield code="a">Chatbot</subfield>
</datafield>
<datafield ind1=" " ind2=" " tag="653">
<subfield code="a">Prior knowledge</subfield>
</datafield>
<datafield ind1=" " ind2=" " tag="653">
<subfield code="a">Metacognitive strategies</subfield>
</datafield>
<datafield ind1=" " ind2=" " tag="653">
<subfield code="a">Higher education</subfield>
</datafield>
<datafield ind1=" " ind2=" " tag="653">
<subfield code="a">Effective learning</subfield>
</datafield>
<datafield tag="245" ind1="0" ind2="0">
<subfield code="a">Perceived satisfaction of university students with the use of chatbots as a tool for self-regulated learning</subfield>
</datafield>
</record></metadata></record></GetRecord></OAI-PMH>